Visualizzazione normale
Vista MARC
- Archibugi Francesca
di Personal Name
Records bibliografici associati: 1
001 - CONTROL NUMBER
- control field: 41165
003 - CONTROL NUMBER IDENTIFIER
- control field: IT-RoPau
005 - DATE AND TIME OF LATEST TRANSACTION
- control field: 20151126163032.0
008 - FIXED-LENGTH DATA ELEMENTS
- fixed length control field: 151126|| aca||aabn | a|a d
040 ## - CATALOGING SOURCE
- Original cataloging agency: IT-RoPau
- Transcribing agency: IT-RoPau
100 ## - HEADING--PERSONAL NAME
- Personal name: Archibugi Francesca
- Miscellaneous information: Codice regista SPICS: 33435
670 ## - SOURCE DATA FOUND
- Source citation: Work cat.: (IT-RoPau)105396: Archibugi Francesca Codice regista SPICS: 33435, GRANDE COCOMERO (IL) GRANDE COCOMERO (IL) (Rif. Codice opera principale : C2808)